Centroamérica en el presente: análisis de las elecciones en Nicaragua, carta de urgencia de los amigos solidarios /

sin resumen

Uloženo v:
Podrobná bibliografie
Hlavní autor: Vigil, José María
Médium: Text
Jazyk:Spanish
Tagy: Přidat tag
Žádné tagy, Buďte první, kdo vytvoří štítek k tomuto záznamu!

MARC

LEADER 00000 a a2200000 04500
001 9127
003 cru IIS
005 20220113101128.0
008 220113b |||||||| |||| 00| 0 spa d
040 |c cru IIS 
100 1 |a Vigil, José María  
245 1 |a Centroamérica en el presente: análisis de las elecciones en Nicaragua, carta de urgencia de los amigos solidarios /  |c José María Vigil 
500 |a Colección Centroamérica 
520 |a sin resumen  
773 |g volumen 115, número 1; páginas 35-44  
773 0 |0 44031  |9 6470  |d El Salvador : Universidad de El Salvador. Biblioteca Central Universitaria  |o MFN: 1790  |t La Universidad / 
942 |2 ddc  |c PP 
999 |c 20591  |d 20591